Uzupełnij brakujące państwo do łańcucha - Statystyki

Ogólne statystyki
  • Ten quiz został rozwiązany 55 razy
  • Średni wynik to 6 z 7
Statystyki odpowiedzi
Państwo % Poprawnych
Ukraina/Słowacja
98%
Albania/Macedonia
94%
Turcja
94%
Serbia
93%
Egipt
91%
Jordania/Syria
89%
Niger/Czad
87%
Nie znaleziono quizów pasujących do podanych kryteriów
Rozkład punktacji
Procent ludzi z każdym wynikiem
Percentyl według liczby udzielonych odpowiedzi
Twoja historia wyników
Nie rozwiązałeś tego quizu